Just us women / (Record no. 2865)

MARC details
000 -LEADER
fixed length control field 00934pam a2200277 a 4500
005 - DATE AND TIME OF LATEST TRANSACTION
control field 20260327120952.0
020 ## - INTERNATIONAL STANDARD BOOK NUMBER
International Standard Book Number 0590446762
040 ## - CATALOGING SOURCE
Original cataloging agency DLC
Transcribing agency DLC
Modifying agency DLC
Language of cataloging eng
050 00 - LIBRARY OF CONGRESS CALL NUMBER
Classification number PZ7.C12
082 00 - DEWEY DECIMAL CLASSIFICATION NUMBER
Classification number 511
100 1# - MAIN ENTRY--PERSONAL NAME
Personal name Caines, Jeannette
Dates associated with a name approximately 1937-
245 10 - TITLE STATEMENT
Title Just us women /
Statement of responsibility, etc. by Jeannette Caines ; illustrated by Pat Cummings.
250 ## - EDITION STATEMENT
Edition statement First Scholastic printing , April 1991
260 ## - PUBLICATION, DISTRIBUTION, ETC.
Place of publication, distribution, etc. New York :
Name of publisher, distributor, etc. Scholastic .
Date of publication, distribution, etc. 1982
300 ## - PHYSICAL DESCRIPTION
Extent 32 pages :
Other physical details color illustrations ;
Dimensions 21 cm.
505 ## - FORMATTED CONTENTS NOTE
Formatted contents note K <br/>
520 ## - SUMMARY, ETC.
Summary, etc. A young girl and her favorite aunt share the excitement of planning a very special car trip for just the two of them.
521 ## - TARGET AUDIENCE NOTE
Target audience note 520 <br/>
Source Lexile <br/>
521 ## - TARGET AUDIENCE NOTE
Target audience note K <br/>
Source Raz-Plus <br/>
650 #1 - SUBJECT ADDED ENTRY--TOPICAL TERM
Topical term or geographic name entry element Voyages and travels
General subdivision Fiction.
650 #1 - SUBJECT ADDED ENTRY--TOPICAL TERM
Topical term or geographic name entry element Aunts
General subdivision Fiction.
700 1# - ADDED ENTRY--PERSONAL NAME
Personal name Cummings, Pat
Relator term illustrator
906 ## - LOCAL DATA ELEMENT F, LDF (RLIN)
a 7
b cbc
c orignew
d 1
e ocip
f 19
g y-gencatlg
942 ## - ADDED ENTRY ELEMENTS (KOHA)
Source of classification or shelving scheme Dewey Decimal Classification
Koha item type Books
Suppress in OPAC No
999 ## -
-- 2865
-- 2865
Holdings
Withdrawn status Lost status Source of classification or shelving scheme Damaged status Not for loan Collection Home library Current library Shelving location Date acquired Total Checkouts Full call number Barcode Date last seen Date last checked out Price effective from Koha item type Copy number
    Dewey Decimal Classification     Juvenile Fiction Footprints International School Library Network Toul Kork Campus Footprints International School Library Network Toul Kork Campus   01/18/2024 1 CAI 511 PZ7.C12 FISTK01851 04/10/2025 02/06/2024 01/18/2024 Books  
    Dewey Decimal Classification     Juvenile Fiction Footprints International School Library Network Toul Kork Campus Footprints International School Library Network Toul Kork Campus TK Primary Library Room(4th Floor), Bookcase 3&4, Shelves 17-32, Yellow Books 11/26/2024   CAI 511 PZ7.C12 FISTK01852 11/26/2024   11/26/2024 Books 2
    Dewey Decimal Classification     Juvenile Fiction Footprints International School Library Network Toul Tom Poung Campus Footprints International School Library Network Toul Tom Poung Campus TTP Primary Yellow Bookshelves 03/27/2026   CAI 511 PZ7.C12 FISBK05360 03/27/2026   03/27/2026 Books 3